000 05469nam a22018854i 4500
003 PE-LiUPU
005 20250813165344.0
008 150825s2015 sp a b 000 0 spa d
020 _a8490625042
020 _a9788490625040
035 _a(Sirsi) i9788490625040
040 _aBNM
_bspa
_erdc
_cBNM
049 _aPRUA
080 _a613.2:159.9
082 0 4 _a613.2
_bF57
_220
100 1 _aFleta, Yolanda,
_eautor.
245 1 0 _aCoaching nutricional /
_cYolanda Fleta y Jaime Giménez.
246 0 _iSubtítulo de la cubierta
_aHaz que tu dieta funcione
250 _aPrimera edición.
264 1 _a[Barcelona] :
_bDebolsillo,
_c2015.
300 _a275 páginas :
_bilustraciones ;
_c19 centímetros.
490 0 _aClave
504 _aBibliografía : páginas 259-[271]
505 0 _a¿Qué es el coaching nutricional? -- ¿Qué es lo que realmente quiero? la importancia del objetivo -- Mañana empiezo: superar la resistencia al cambio -- Cómo controlar mis excesos -- No tengo fuerza de voluntad. Vencer las creencias negativas -- ¿Qué afecta a mi conducta alimentaria?: la rueda de la alimentación -- Recomendaciones para mejorar los problemas de peso -- Cómo mejorar mis hábitos alimenticios -- Coaching nutricional para profesionales de la salud.
526 _aP203
526 _aP200
526 _aSEG65
526 _aSEG64
526 _aSEG63
526 _aSEG62
526 _aSEG61
526 _aSEG60
526 _aSEG59
526 _aSEG58
526 _aSEG57
526 _aSEG56
526 _aSEG55
526 _aSEG54
526 _aSEG53
526 _aSEG52
526 _aSEG51
526 _aSEG50
526 _aSEG49
526 _aSEG48
526 _aSEG47
526 _aSEG46
526 _aSEG24
526 _aSEG23
526 _aSEG22
526 _aSEG21
526 _aSEG20
526 _aSEG19
526 _aSEG18
526 _aSEG17
526 _aSEG16
526 _aSEG14
526 _aSEG13
526 _aSEG12
526 _aSEG11
526 _aSEG10
526 _aSEG09
526 _aSEG06
526 _aSEG05
526 _aSEG04
526 _aSEG03
526 _aSEG02
526 _aSEG68
526 _aSEG66
526 _aSEG45
526 _aSEG25
526 _aSEG01
526 _aP163
526 _aP162
526 _aP161
526 _aP160
526 _aP159
526 _aP158
526 _aP157
526 _aP156
526 _aP155
526 _aP154
526 _aP153
526 _aP152
526 _aP151
526 _aP150
526 _aP149
526 _aP142
526 _aP141
526 _aP140
526 _aP139
526 _aP138
526 _aP137
526 _aP132
526 _aP131
526 _aP130
526 _aP126
526 _aP125
526 _aP124
526 _aP123
526 _aP115
526 _aP122
526 _aP121
526 _aP116
526 _a P114
526 _aP112
526 _aP111
526 _aP104
526 _aP103
526 _aP102
526 _aP101
526 _aP100
526 _aP96
526 _aP95
526 _aP93
526 _aP92
526 _aP91
526 _aP88
526 _aP83
526 _aP82
526 _aP79
526 _aP78
526 _aP75
526 _aP74
526 _aP71
526 _aP69
526 _a P51
526 _aP49
526 _aP48
526 _aP47
526 _aP33
526 _aP31
526 _a P30
526 _aP29
526 _aP27
526 _aP26
526 _aP25
526 _aP24
526 _a P22
526 _aP10
526 _aP09
526 _a P08
526 _aP06
526 _aP05
526 _aP04
526 _aP01
541 _g0001-000510;
650 7 _aConducta alimentaria.
_2embne
700 1 _aGiménez, Jaime,
_eautor.
942 _2ddc
_cBOOK
949 _a613.2 F57
_wDEWEY
_c1
_i73547
_lCCODEBUL1
_mBUL
_p24.10
_r0
_sY
_tBOOK
_u2016-6-21
_xSALUD
_PP06
_0COMPRA
_o.STAFF. Colección General
949 _a613.2 F57
_wDEWEY
_c2
_i73548
_d2016-9-21
_e2016-9-19
_lCCODEBUL1
_mBUL
_n1
_p24.10
_r0
_sY
_tBOOK
_u2016-6-21
_xSALUD
_PP06
_0COMPRA
_o.STAFF. Colección General
949 _a613.2 F57
_wDEWEY
_c3
_i73549
_d2016-8-19
_e2016-8-16
_lCCODEBUL1
_mBUL
_n1
_p24.10
_r0
_sY
_tBOOK
_u2016-6-21
_xSALUD
_PP06
_0COMPRA
_o.STAFF. Colección General
949 _a613.2 F57
_wDEWEY
_c4
_i73550
_d2016-9-30
_e2016-9-29
_lCCODEBUL1
_mBUL
_n4
_p24.10
_r0
_sY
_tBOOK
_u2016-6-21
_xSALUD
_PP31
_0COMPRA
_o.STAFF. Colección General
994 _aC0
_bPEPRU
596 _a1
999 _a613.2 F57
_wDEWEY
_c10054
_i73547
_e2017-5-29
_f2017-2-16
_g1
_lLOST
_mBUL
_n4
_p24.10
_r1
_sY
_tBOOK
_u2016-6-21
_xSALUD
_PP06
_0COMPRA
_o.STAFF. Colección General
_d10054
999 _a613.2 F57
_wDEWEY
_c2
_i73548
_d2019-4-29
_e2018-4-23
_f2021-11-4
_g5
_lCCODEBUL1
_mBUL
_n2
_p24.10
_q4
_r0
_sY
_tBOOK
_u2016-6-21
_xSALUD
_PP06
_0COMPRA
_o.STAFF. Colección General
999 _a613.2 F57
_wDEWEY
_c3
_i73549
_d2017-8-14
_e2017-8-8
_f2021-11-4
_g5
_lCCODEBUL1
_mBUL
_n2
_p24.10
_r0
_sY
_tBOOK
_u2016-6-21
_xSALUD
_PP06
_0COMPRA
_o.STAFF. Colección General
999 _a613.2 F57
_wDEWEY
_c4
_i73550
_d2018-10-22
_e2017-9-20
_f2021-11-4
_g5
_lCCODEBUL1
_mBUL
_n5
_p24.10
_q2
_r0
_sY
_tBOOK
_u2016-6-21
_xSALUD
_PP31
_0COMPRA
_o.STAFF. Colección Ciencias de la Salud
980 _81
_gALBERTO SANCHEZ Responsable de Automatización